| 000 | 00768nam a2200229Ia 4500 | ||
|---|---|---|---|
| 003 | OSt | ||
| 005 | 20220923221242.0 | ||
| 006 | a|||||r|||| 00| 0 | ||
| 007 | ta | ||
| 008 | 220922b |||||||| |||| 00| 0 hin d | ||
| 024 | _a195,960 | ||
| 037 | _cTextual | ||
| 040 |
_aARTS _cARTS _bhin |
||
| 041 |
_2hin _ahin |
||
| 082 | _aP15:3:3, 152K4 | ||
| 100 | _aपाल, केशवराम | ||
| 245 | 0 | _aहिन्दी में प्रयुक्त संस्कृत शब्दों में अर्थ परिवर्तन | |
| 246 | _aHindī mean prayukta sanskṛut shabdoan mean artha parivartana | ||
| 260 | _c1983 | ||
| 942 |
_hP15:3:3, 152K4 _cTEXL _2CC |
||
| 999 |
_c348051 _d348051 |
||